Мой труд – моя школа (Запись № 13668249)

Подробности
000 -МАРКЕР
контрольное поле 02320nam0a2200337 4500
001 - ИДЕНТИФИКАТОР ЗАПИСИ
контрольное поле RU\NLR\BIBL_A\022362241
005 - ИДЕНТИФИКАТОР ВЕРСИИ
контрольное поле 20260420020326.0
010 ## - МЕЖДУНАРОДНЫЙ СТАНДАРТНЫЙ НОМЕР КНИГИ (ISBN)
Номер (ISBN) 978-5-600-03818-9
Тираж 250
021 ## - НОМЕР ГОСУДАРСТВЕННОЙ РЕГИСТРАЦИИ
Код страны Российская Федерация
Номер КН-П-24-053521
Номер Листа государственной регистраци КН-П-24-5328
035 ## - ДРУГИЕ СИСТЕМНЫЕ НОМЕРА
Идентификатор записи (NLR Aleph) 022362241
100 ## - ДАННЫЕ ОБЩЕЙ ОБРАБОТКИ
Данные общей обработки 20241024d2023 u y0rusy50 ca
101 0# - ЯЗЫК РЕСУРСА
Язык текста, звукозаписи и т.д. русский
102 ## - СТРАНА ПУБЛИКАЦИИ ИЛИ ПРОИЗВОДСТВА
Страна публикации Российская Федерация
105 ## - ПОЛЕ КОДИРОВАННЫХ ДАННЫХ: ТЕКСТОВЫЕ МАТЕРИАЛЫ, МОНОГРАФИЧЕСКИЕ
Кодированные данные о монографическом текстовом документе ach z 000za
181 #0 - ПОЛЕ КОДИРОВАННЫХ ДАННЫХ: ВИД СОДЕРЖАНИЯ
Код вида содержания (ISBD) i3
Код характеристики содержания (ISBD) xxxe
181 #0 - ПОЛЕ КОДИРОВАННЫХ ДАННЫХ: ВИД СОДЕРЖАНИЯ
Код вида содержания (ISBD) b2
Код характеристики содержания (ISBD) xb2e
182 #0 - ПОЛЕ КОДИРОВАННЫХ ДАННЫХ: ТИП СРЕДСТВА
Код типа средства (ISBD) n - непосредственное
200 1# - ЗАГЛАВИЕ И СВЕДЕНИЯ ОБ ОТВЕТСТВЕННОСТИ
Основное заглавие Мой труд – моя школа
Сведения, относящиеся к заглавию история и теория инструментального искусства
-- [сборник]
Первые сведения об ответственности Т. Ф. Подгорный
Последующие сведения об ответственности составитель: Савва Гиршенко
203 ## - ВИД СОДЕРЖАНИЯ И ТИП СРЕДСТВА
Вид содержания Текст
-- Изображение
Дополнительные сведения об издании визуальные
Тип средства непосредственные
210 ## - ПУБЛИКАЦИЯ, РАСПРОСТРАНЕНИЕ И ДР.
Место издания, распространения и т.д. Москва
Имя издателя, распространителя и т. д. [б. и.]
Дата издания, распространения и т.д. 2023
215 ## - ФИЗИЧЕСКАЯ ХАРАКТЕРИСТИКА
Специфическое обозначение материала и объем 243 с.
Другие сведения о физической характеристике ил., цв. ил., портр., факс.
Размеры 30
327 1# - ПРИМЕЧАНИЯ О СОДЕРЖАНИИ
Текст примечания Содерж. разд.: Мой труд – моя школа : автобиографические очерки ; История и теория : статьи и заметки об инструментальном искусстве ; Иллюстрации: Фотографии и документы ; Каталог инструментов. В кн. также ст.: Мастер скрипок : [о Т. Ф. Подгорном] ; Советские Страдивариусы : опыт одного обследования / В. Мессман
464 #0 - АНАЛИТИЧЕСКИЙ УРОВЕНЬ
Встроенное поле 2001#$aМастер скрипок$e[о Т. Ф. Подгорном]$aСоветские Страдивариусы$eопыт одного обследования$fВ. Мессман
-- 700#1$aМессман$bВ. Л.$f1898-1972$gВладимир Львович
Заглавие Советские Страдивариусы
Автор Мессман, Владимир Львович (1898-1972)
600 #1 - ИМЯ ЛИЦА КАК ПРЕДМЕТ
Начальный элемент ввода Подгорный
Часть имени, кроме начального элемента ввода Т. Ф.
Расширение инициалов личного имени Тимофей Филиппович
Даты 1873 - 1958
Код системы nlr_sh2
Идентификатор авторитетной/нормативной записи RU\NLR\AUTH\6601747538
686 1# - ИНДЕКСЫ ДРУГИХ КЛАССИФИКАЦИЙ
Индекс Щ310.715.54-3(2Р=Рус)7-8Подгорный я44
700 #1 - ИМЯ ЛИЦА - ПЕРВИЧНАЯ ОТВЕТСТВЕННОСТЬ
Начальный элемент ввода Подгорный
Часть имени, кроме начального элемента ввода Т. Ф.
Даты 1873-1958
Расширение инициалов личного имени Тимофей Филиппович
942 ## - ДОПОЛНИТЕЛЬНЫЕ ЭЛЕМЕНТЫ ЗАПИСИ (АБИС)
Тип экземпляра АБИС Книга
980 ## - КОЛЛЕКЦИЯ
Название коллекции Национальная библиография

Нет доступных экземпляров.